| 000 | 00564nam a22001937a 4500 | ||
|---|---|---|---|
| 003 | OSt | ||
| 005 | 20140310182023.0 | ||
| 008 | 130801t xxu||||| |||| 00| 0 eng d | ||
| 020 | _a971360539X | ||
| 050 |
_aPZ 90 _b.C987 1996 |
||
| 082 |
_aFIL 808.899282 _bC969 1996 |
||
| 100 |
_aCustodio, R. M. _97188 |
||
| 245 |
_aSi Ngorky at si Tagpi / _cR. M. Custodio. |
||
| 260 |
_aManila : _bS.G.E. Printers, _cc1996. |
||
| 300 |
_a29p. : _bill. ; _c19 cm. |
||
| 650 |
_aChildren's literature _xPhilippine fiction _97189 |
||
| 942 |
_2lcc _cBK-FIL |
||
| 999 |
_c8391 _d8391 |
||